000
00265nam a22001217a 4500
008
170203b xxu||||| |||| 00| 0 eng d
041
_a
eng
080
_a
61
100
_a
3
101
_a
SHM
245
_a
THE INVENTORS PATENT HANDBOOK
_c
JONES, S.V
942
_2
udc
_c
BK
999
_c
4497
_d
4497